[Event "Internet Section 06A g/8'+2\""]
[Site "Dos Hermanas"]
[Date "2004.03.06"]
[Round "1"]
[White "Capuzzo, Marcos"]
[Black "Galindo Duarte, Jose Angel"]
[Result "1-0"]
[WhiteElo "2244"]
[BlackElo "1564"]
[PlyCount "37"]
[EventDate "2004.03.06"]
[EventType "swiss (blitz)"]
[EventRounds "9"]
[EventCountry "ESP"]
[SourceTitle "CBM 099 Extra"]
[Source "ChessBase"]
[SourceDate "2004.05.04"]
[SourceVersion "1"]
[SourceVersionDate "2004.05.04"]
[SourceQuality "1"]

1. e4 e6 2. d4 d6 3. Nf3 g6 4. h4 Bg7 5. h5 Nf6 6. h6 Bf8 7. Bg5 Nc6 8. Bb5 Bd7 9. Qe2 d5 10. e5 a6 11. Bxc6 Bxc6 12. Bxf6 Be7 13. Bxh8 Qd7 14. Bf6 0-0-0 15. Nc3 Bxf6 16. exf6 Bb5 17. Nxb5 Qxb5 18. Qxb5 axb5 19. Ne5 1-0